| 000 | 00355nam a22001337a 4500 | ||
|---|---|---|---|
| 008 | 250423b |||||||| |||| 00| 0 eng d | ||
| 020 | _a0521351987 | ||
| 050 |
_aHD9015 _b.G37 |
||
| 100 | _aGARMSEY, Peter | ||
| 245 | _aFamine and Food Supply in The Graeco-Roman World | ||
| 260 |
_aAustralia _bPress Syndicate _c1988 |
||
| 300 | _axiv, 303p. | ||
| 942 | _cBK | ||
| 999 |
_c3121 _d3121 |
||